000 01541nam a2200493 i 4500
001 34571
003 KOSZ 005
005 20221006102622.0
008 091203s1999 pl |001 0 pol
015 _aUWD 2010/2567
020 _a8371103247
035 _a991050471339705066
035 _a(PL-WaBN)b24144800-48omnis_nlop
035 _ab24144800
035 _a(OCoLC)833511176
035 _azz2004848519
035 _a(PL)b0000002414480
035 _a(EXLNZ-48OMNIS_NETWORK)9910180449605606
040 _aWA N
_cWA N
_dKR U
_dKOSZ 005/HR
046 _k1999
080 _a(075.8)
080 _a346(438)
100 1 _aOlszewski, Jan
_d(1960- )
_eAutor
245 1 0 _aPrawo gospodarcze :
_bkompendium /
_cJan Olszewski.
260 _aWarszawa :
_bWydawnictwo C. H. Beck,
_c1999.
300 _aXXIV, 315 s. ;
_c24 cm.
336 _aTekst
_btxt
_2rdacontent
337 _aBez urządzenia pośredniczącego
_bn
_2rdamedia
338 _aWolumin
_bnc
_2rdacarrier
380 _aKsiążki
388 _a1901-2000
388 _a1989-2000
490 1 _aSkrypty Becka
504 _aIndeks.
650 7 _aPrawo gospodarcze
_2DBN
651 7 _aPolska
_2DBN
655 7 _aPodręczniki akademickie
_2DBN
658 _aPrawo i wymiar sprawiedliwości
710 2 _aWydawnictwo C.H. Beck
_4pbl
830 0 _aSkrypty Becka
856 _uhttp://koha.tu.koszalin.pl/cgi-bin/koha/opac-detail.pl?biblionumber=34571
_yKatalog online BPK
942 _2UKD
_cKS
999 _c34571
_d34571